[Event "CRO-chT2W"]
[Site "Croatia"]
[Date "2016.03.06"]
[Round "2.5"]
[White "Sikanjic, Bojan"]
[Black "Dubrovic, Mihovil"]
[Result "1-0"]
[WhiteElo "2171"]
[BlackElo "1931"]
[PlyCount "87"]
[EventDate "2016.03.05"]
[EventType "team-tourn"]
[EventRounds "9"]
[EventCountry "CRO"]
[SourceTitle "CBM 171 Extra"]
[Source "ChessBase"]
[SourceDate "2016.04.26"]
[SourceVersion "1"]
[SourceVersionDate "2016.04.26"]
[SourceQuality "1"]
[WhiteTeam "Rijeka Junior"]
[BlackTeam "Krk"]
[WhiteTeamCountry "CRO"]
[BlackTeamCountry "CRO"]

1. c4 e5 2. Nc3 Nf6 3. Nf3 Nc6 4. d4 exd4 5. Nxd4 Bb4 6. Nxc6 Bxc3+ 7. bxc3 dxc6 8. Qc2 0-0 9. Bg5 Qd6 10. e3 Re8 11. Bd3 h6 12. Bh4 Qe5 13. Bg3 Qg5 14. 0-0 Re7 15. Bf4 Qh4 16. Rad1 Be6 17. Be2 Ne8 18. c5 Qf6 19. Rd4 Rd7 20. Rfd1 Rad8 21. Qa4 Qf5 22. Qxa7 Qc2 23. Bf3 Rxd4 24. cxd4 g5 25. Bxc7 Nxc7 26. Qxb7 Nd5 27. h3 Nc3 28. Re1 Qd2 29. Ra1 Ne2+ 30. Kh2 Bd5 31. Bxd5 cxd5 32. c6 Qc3 33. c7 Rf8 34. Rb1 Kg7 35. a4 Qc2 36. a5 Nc3 37. c8Q Rxc8 38. Qxc8 Qxb1 39. Qxc3 Qa2 40. Qc5 Qxf2 41. Qxd5 g4 42. Qe5+ Kf8 43. Qf4 gxh3 44. Qxf2 1-0

[Event "EU-ch 11th"]
[Site "Rijeka"]
[Date "2010.03.17"]
[Round "11"]
[White "Pankov, German"]
[Black "Sikanjic, Bojan"]
[Result "1/2-1/2"]
[WhiteElo "2353"]
[BlackElo "2170"]
[PlyCount "95"]
[EventDate "2010.03.06"]
[EventType "swiss"]
[EventRounds "11"]
[EventCountry "CRO"]
[SourceTitle "CBM 136"]
[Source "ChessBase"]
[SourceDate "2010.05.18"]
[SourceVersion "1"]
[SourceVersionDate "2010.05.18"]
[SourceQuality "1"]

1. d4 c5 2. d5 Nf6 3. Nc3 g6 4. e4 d6 5. h3 Bg7 6. Nf3 0-0 7. Be2 e5 8. Nd2 Ne8 9. 0-0 Nd7 10. Nc4 Nb6 11. Ne3 Bh6 12. a4 f5 13. a5 Nd7 14. a6 Bxe3 15. Bxe3 f4 16. axb7 Bxb7 17. Bd2 a6 18. Ra3 Nc7 19. f3 h5 20. Qe1 g5 21. Qf2 Rf7 22. Rb1 Ra7 23. Kf1 Nf6 24. b4 Nd7 25. bxc5 Nxc5 26. Na4 Nb5 27. Nxc5 Nxa3 28. Nxb7 Qb8 29. Rb3 Raxb7 30. Rxa3 Rb1+ 31. Be1 a5 32. Bd3 a4 33. Ra2 a3 34. Bc4 Qb4 35. Bb3 Qc3 36. Qe2 Kg7 37. h4 gxh4 38. Qf2 Kg6 39. Qxh4 Ra7 40. Qf2 Ra8 41. Ke2 Qc7 42. g3 Qb7 43. Bc4 Ra4 44. Bd3 Rb2 45. Ra1 Rb1 46. Ra2 Rb2 47. Ra1 Rb1 48. Ra2 1/2-1/2

[Event "EU-ch 11th"]
[Site "Rijeka"]
[Date "2010.03.14"]
[Round "8"]
[White "Sandalakis, Angelos"]
[Black "Sikanjic, Bojan"]
[Result "1-0"]
[WhiteElo "2319"]
[BlackElo "2170"]
[PlyCount "108"]
[EventDate "2010.03.06"]
[EventType "swiss"]
[EventRounds "11"]
[EventCountry "CRO"]
[SourceTitle "CBM 136"]
[Source "ChessBase"]
[SourceDate "2010.05.18"]
[SourceVersion "1"]
[SourceVersionDate "2010.05.18"]
[SourceQuality "1"]

1. e4 c5 2. Nf3 Nc6 3. d4 cxd4 4. Nxd4 g6 5. c4 Bg7 6. Be3 Nf6 7. Nc3 0-0 8. Be2 d6 9. 0-0 Bd7 10. Qd2 Nxd4 11. Bxd4 Bc6 12. f3 a5 13. Rfd1 Nd7 14. Be3 Nc5 15. b3 Qb6 16. Rab1 Qb4 17. Rdc1 Rfc8 18. Nd5 Bxd5 19. cxd5 Qxd2 20. Bxd2 Bd4+ 21. Kf1 e5 22. dxe6 fxe6 23. Bc4 Kf7 24. a3 Kf6 25. Bb5 Ke7 26. Ke2 Bf6 27. g3 Bd4 28. Rc4 Bf6 29. Be3 e5 30. Rbc1 Kd8 31. Bxc5 dxc5 32. Rxc5 Rxc5 33. Rxc5 Rc8 34. Rd5+ Kc7 35. Rd7+ Kb6 36. Bc4 Rc7 37. Rd1 Be7 38. a4 g5 39. Rf1 Bd6 40. Rd1 Be7 41. Kf2 h5 42. Kg2 Rc5 43. Kh3 Rc7 44. Rd5 Rc5 45. Rd3 Rc7 46. Bf7 h4 47. Bc4 Rc5 48. Kg4 Rc6 49. Kf5 Kc7 50. Kxe5 hxg3 51. hxg3 Rd6 52. Bd5 b6 53. Kf5 Rf6+ 54. Kxg5 Bd6 1-0

[Event "EU-ch 11th"]
[Site "Rijeka"]
[Date "2010.03.09"]
[Round "4"]
[White "Plat, Vojtech"]
[Black "Sikanjic, Bojan"]
[Result "0-1"]
[WhiteElo "2395"]
[BlackElo "2170"]
[PlyCount "80"]
[EventDate "2010.03.06"]
[EventType "swiss"]
[EventRounds "11"]
[EventCountry "CRO"]
[SourceTitle "CBM 136"]
[Source "ChessBase"]
[SourceDate "2010.05.18"]
[SourceVersion "1"]
[SourceVersionDate "2010.05.18"]
[SourceQuality "1"]

1. e4 c5 2. Nf3 Nc6 3. c3 d5 4. exd5 Qxd5 5. d4 cxd4 6. cxd4 e5 7. Nc3 Bb4 8. Bd2 Bxc3 9. Bxc3 e4 10. Nd2 Nf6 11. Nc4 Be6 12. Ne3 Qd7 13. Qa4 0-0 14. Rd1 Nd5 15. Nxd5 Bxd5 16. Bd2 a6 17. Bf4 b5 18. Qa3 Qg4 19. Bg3 Qe6 20. b3 Rfd8 21. Be2 f5 22. Bc7 Rd7 23. Bf4 Ne7 24. Qc1 Bb7 25. 0-0 Rad8 26. Qb2 Ng6 27. Bg5 Rf8 28. h3 h6 29. Bc1 Qf6 30. f3 Rfd8 31. Be3 Nh4 32. fxe4 Bxe4 33. Rf2 Qg6 34. g4 fxg4 35. hxg4 Qc6 36. Qc1 Qe6 37. Rdf1 Bd5 38. Bf4 Qe4 39. Kh2 Rf7 40. Bg3 Rdf8 0-1

[Event "Mediterranean op 3rd"]
[Site "Rijeka"]
[Date "2009.12.04"]
[Round "8"]
[White "Rukavina, Josip"]
[Black "Sikanjic, Bojan"]
[Result "1-0"]
[WhiteElo "2428"]
[BlackElo "2160"]
[PlyCount "45"]
[EventDate "2009.11.27"]
[EventType "swiss"]
[EventRounds "9"]
[EventCountry "CRO"]
[SourceTitle "CBM 133 Extra"]
[Source "ChessBase"]
[SourceDate "2010.01.05"]
[SourceVersion "1"]
[SourceVersionDate "2010.01.05"]
[SourceQuality "1"]

1. c4 c5 2. Nf3 Nc6 3. Nc3 g6 4. e3 Bg7 5. d4 f5 6. Be2 Nh6 7. dxc5 Bxc3+ 8. bxc3 Qa5 9. Qb3 Qxc5 10. Ba3 Qa5 11. c5 Nf7 12. 0-0 0-0 13. Ng5 Kg7 14. Nxf7 Rxf7 15. f4 Qc7 16. c4 Qa5 17. Rfd1 b6 18. cxb6 axb6 19. Bb2+ Kg8 20. Rd5 Qa7 21. Rad1 d6 22. Qc3 Rf6 23. Rxd6 1-0

[Event "Mediterranean op 3rd"]
[Site "Rijeka"]
[Date "2009.12.03"]
[Round "7"]
[White "Agaragimov, Djahangir"]
[Black "Sikanjic, Bojan"]
[Result "1/2-1/2"]
[WhiteElo "2294"]
[BlackElo "2160"]
[PlyCount "32"]
[EventDate "2009.11.27"]
[EventType "swiss"]
[EventRounds "9"]
[EventCountry "CRO"]
[SourceTitle "CBM 133 Extra"]
[Source "ChessBase"]
[SourceDate "2010.01.05"]
[SourceVersion "1"]
[SourceVersionDate "2010.01.05"]
[SourceQuality "1"]

1. d4 Nf6 2. c4 g6 3. Nc3 Bg7 4. e4 d6 5. Be2 0-0 6. Bg5 a6 7. Qd2 c5 8. d5 b5 9. cxb5 axb5 10. Bxb5 Qa5 11. a4 Ba6 12. Rb1 Qb4 13. f3 Bxb5 14. axb5 Nbd7 15. Nge2 Ne5 16. 0-0 Nc4 1/2-1/2

[Event "Mediterranean op 3rd"]
[Site "Rijeka"]
[Date "2009.12.02"]
[Round "6"]
[White "Sikanjic, Bojan"]
[Black "Stefan, Mario"]
[Result "1-0"]
[WhiteElo "2160"]
[BlackElo "1996"]
[PlyCount "43"]
[EventDate "2009.11.27"]
[EventType "swiss"]
[EventRounds "9"]
[EventCountry "CRO"]
[SourceTitle "CBM 133 Extra"]
[Source "ChessBase"]
[SourceDate "2010.01.05"]
[SourceVersion "1"]
[SourceVersionDate "2010.01.05"]
[SourceQuality "1"]

1. Nf3 Nf6 2. c4 d5 3. cxd5 Nxd5 4. e4 Nb6 5. d4 g6 6. Bb5+ c6 7. Be2 Bg7 8. 0-0 0-0 9. Nc3 N8d7 10. a4 Nf6 11. a5 Nbd7 12. Bf4 Nh5 13. Be3 Nhf6 14. h3 Re8 15. Qb3 e5 16. Bc4 Qe7 17. Nxe5 Nxe5 18. dxe5 Nd7 19. f4 Nc5 20. Bxf7+ Kh8 21. Qc4 Rf8 22. Bxg6 1-0

[Event "Mediterranean op 3rd"]
[Site "Rijeka"]
[Date "2009.12.01"]
[Round "5"]
[White "Debray, Christopher"]
[Black "Sikanjic, Bojan"]
[Result "1-0"]
[WhiteElo "2358"]
[BlackElo "2160"]
[PlyCount "37"]
[EventDate "2009.11.27"]
[EventType "swiss"]
[EventRounds "9"]
[EventCountry "CRO"]
[SourceTitle "CBM 133 Extra"]
[Source "ChessBase"]
[SourceDate "2010.01.05"]
[SourceVersion "1"]
[SourceVersionDate "2010.01.05"]
[SourceQuality "1"]

1. d4 Nf6 2. Nf3 g6 3. c4 Bg7 4. Nc3 0-0 5. g3 d6 6. Bg2 Nbd7 7. 0-0 e5 8. e4 c6 9. h3 exd4 10. Nxd4 Qb6 11. Nde2 Ne8 12. b3 f5 13. exf5 Rxf5 14. Be3 Nc5 15. Rb1 a5 16. g4 Rf7 17. Na4 Qb4 18. Bd2 Qa3 19. Bc1 1-0

[Event "Mediterranean op 3rd"]
[Site "Rijeka"]
[Date "2009.11.30"]
[Round "4"]
[White "Sikanjic, Bojan"]
[Black "Sale, Srdjan"]
[Result "1/2-1/2"]
[WhiteElo "2160"]
[BlackElo "2399"]
[PlyCount "89"]
[EventDate "2009.11.27"]
[EventType "swiss"]
[EventRounds "9"]
[EventCountry "CRO"]
[SourceTitle "CBM 133 Extra"]
[Source "ChessBase"]
[SourceDate "2010.01.05"]
[SourceVersion "1"]
[SourceVersionDate "2010.01.05"]
[SourceQuality "1"]

1. Nf3 c5 2. c4 Nc6 3. Nc3 g6 4. e3 Bg7 5. d4 d6 6. h3 Nf6 7. d5 Na5 8. Be2 0-0 9. 0-0 e5 10. Nd2 a6 11. a3 b6 12. b4 Nb7 13. Rb1 Nd7 14. bxc5 Nbxc5 15. Nb3 f5 16. Nxc5 Nxc5 17. Na4 Nd7 18. f4 Qc7 19. Bd2 Re8 20. Kh2 Rb8 21. Bd3 Nf6 22. Qb3 exf4 23. exf4 Ne4 24. Bxe4 Rxe4 25. c5 dxc5 26. d6+ Qf7 27. Nxc5 Rd4 28. Bc3 Qxb3 29. Rxb3 Rxd6 30. Bxg7 Kxg7 31. Rfb1 Rc6 32. Nd3 Be6 33. R3b2 b5 34. a4 Rcb6 35. Nc5 Kf6 36. Re1 Rc6 37. Rxe6+ Rxe6 38. Nd7+ Ke7 39. Nxb8 Rb6 40. Re2+ Kd6 41. Rd2+ Kc7 42. Nxa6+ Rxa6 43. axb5 Ra5 44. Kg3 Rxb5 45. Rd4 1/2-1/2

[Event "CRO-chT1B 18th"]
[Site "Sibenik"]
[Date "2009.09.27"]
[Round "7"]
[White "Sikanjic, Bojan"]
[Black "Biliskov, Vjekoslav"]
[Result "0-1"]
[WhiteElo "2170"]
[BlackElo "2281"]
[PlyCount "96"]
[EventDate "2009.09.21"]
[EventType "team-tourn"]
[EventRounds "9"]
[EventCountry "CRO"]
[SourceTitle "EXT 2010"]
[Source "ChessBase"]
[SourceDate "2010.11.25"]
[SourceVersion "1"]
[SourceVersionDate "2010.11.25"]
[SourceQuality "1"]

1. Nf3 Nf6 2. c4 g6 3. Nc3 Bg7 4. d4 0-0 5. g3 d6 6. Bg2 Nc6 7. 0-0 Bf5 8. b3 e5 9. e3 e4 10. Nd2 Re8 11. a3 Qd7 12. b4 Bh3 13. Ndxe4 Nxe4 14. Bxe4 Bxf1 15. Kxf1 Rab8 16. Bd2 a6 17. Qf3 Nd8 18. Rc1 c6 19. d5 c5 20. bxc5 dxc5 21. Rb1 f5 22. Bc2 Rf8 23. a4 b6 24. Qe2 Nf7 25. Kg1 Nd6 26. Bd3 Qf7 27. Qf3 g5 28. h3 Be5 29. Rf1 Qf6 30. Ne2 b5 31. axb5 axb5 32. cxb5 c4 33. Bc2 Rxb5 34. Ba4 Rb2 35. Bc1 Ra2 36. Bd7 Rb8 37. Nd4 Bxd4 38. exd4 Ra1 39. Be6+ Kg7 40. Ba3 Rxf1+ 41. Kxf1 Rb3 42. Bxd6 Rxf3 43. Be5 Rd3 44. Bxf5 Qxe5 45. dxe5 Rxd5 46. Bc2 Rxe5 47. f4 gxf4 48. gxf4 Re3 0-1

[Event "Mediterranean-ch 7th"]
[Site "Rijeka"]
[Date "2009.09.14"]
[Round "5"]
[White "Galic, Simeun"]
[Black "Sikanjic, Bojan"]
[Result "0-1"]
[WhiteElo "2025"]
[BlackElo "2170"]
[PlyCount "102"]
[EventDate "2009.09.11"]
[EventType "swiss"]
[EventRounds "9"]
[EventCountry "CRO"]
[SourceTitle "CBM 132 Extra"]
[Source "ChessBase"]
[SourceDate "2009.11.03"]
[SourceVersion "1"]
[SourceVersionDate "2009.11.03"]
[SourceQuality "1"]

1. e4 c5 2. Nc3 Nc6 3. a3 g6 4. f4 Bg7 5. Bc4 e6 6. Nf3 Nge7 7. 0-0 0-0 8. d3 d5 9. exd5 exd5 10. Ba2 Nd4 11. h3 b6 12. Re1 Bb7 13. Ne5 Nef5 14. Bd2 Kh8 15. Ne2 Nxe2+ 16. Rxe2 Qc7 17. c3 d4 18. Qe1 Bf6 19. g4 Bh4 20. Qd1 Ng3 21. Rh2 Rae8 22. Nf3 Qe7 23. Rg2 Ne2+ 24. Rxe2 Qxe2 25. Nxh4 Qxd3 26. Kf2 Qxh3 27. Nf3 Qxg4 28. cxd4 cxd4 29. Bb4 Qxf4 30. Bxf8 Rxf8 31. Qxd4+ Qxd4+ 32. Nxd4 Rd8 33. Ke3 Kg7 34. Rc1 Rd7 35. Rd1 Re7+ 36. Kf2 h5 37. Rg1 Kf6 38. Bc4 Re4 39. Rd1 g5 40. Be2 g4 41. Kg3 Ke5 42. Ba6 Bxa6 43. Nc6+ Ke6 44. Nd8+ Kf6 45. Rd6+ Ke7 46. Rd5 Re3+ 47. Kf4 Rf3+ 48. Kg5 g3 49. Rd1 Bb5 50. a4 Bxa4 51. b3 Bb5 0-1

[Event "Mediterranean-ch 7th"]
[Site "Rijeka"]
[Date "2009.09.13"]
[Round "4"]
[White "Sikanjic, Bojan"]
[Black "Golubovic, Boris"]
[Result "0-1"]
[WhiteElo "2170"]
[BlackElo "2381"]
[PlyCount "42"]
[EventDate "2009.09.11"]
[EventType "swiss"]
[EventRounds "9"]
[EventCountry "CRO"]
[SourceTitle "CBM 132 Extra"]
[Source "ChessBase"]
[SourceDate "2009.11.03"]
[SourceVersion "1"]
[SourceVersionDate "2009.11.03"]
[SourceQuality "1"]

1. c4 e6 2. Nc3 d5 3. cxd5 exd5 4. d4 c6 5. Bf4 Qb6 6. Qd2 Nf6 7. a3 Bf5 8. e3 Nbd7 9. Nf3 Be7 10. Be2 a5 11. 0-0 0-0 12. Ne5 Rfe8 13. Nxd7 Nxd7 14. Bd3 Bxd3 15. Qxd3 Qb3 16. Rfc1 Nb6 17. a4 Nc4 18. Qd1 Qxd1+ 19. Nxd1 Bb4 20. Rc2 h5 21. Kf1 Nd2+ 0-1

[Event "Trieste op 10th"]
[Site "Trieste"]
[Date "2008.09.03"]
[Round "5"]
[White "Stantic, Severino"]
[Black "Sikanjic, Bojan"]
[Result "0-1"]
[WhiteElo "2024"]
[BlackElo "2177"]
[PlyCount "64"]
[EventDate "2008.08.31"]
[EventType "swiss"]
[EventRounds "9"]
[EventCountry "ITA"]
[SourceTitle "CBM 126 Extra"]
[Source "ChessBase"]
[SourceDate "2008.11.05"]
[SourceVersion "1"]
[SourceVersionDate "2008.11.05"]
[SourceQuality "1"]

1. c4 Nf6 2. Nc3 g6 3. g3 Bg7 4. Bg2 0-0 5. Nf3 c6 6. 0-0 d6 7. Qc2 e5 8. b4 Re8 9. Rb1 d5 10. d3 h6 11. Nd2 Be6 12. Bb2 Nh5 13. Na4 a5 14. a3 axb4 15. axb4 Bg4 16. Rfe1 dxc4 17. Nc5 b6 18. Nce4 Bxe2 19. Ra1 Bxd3 20. Qc1 Rxa1 21. Bxa1 f5 22. Nc3 b5 23. Nd1 Qd6 24. Bc3 Nd7 25. Qa3 Nb6 26. Qa7 Nd5 27. Bd4 Qe7 28. Bxd5+ cxd5 29. Qxe7 Rxe7 30. Bc5 Rd7 31. Nc3 d4 32. Nxb5 c3 0-1

[Event "CRO Cup 17th"]
[Site "Sibenik"]
[Date "2008.05.25"]
[Round "5"]
[White "Heged, Vlado"]
[Black "Sikanjic, Bojan"]
[Result "1-0"]
[WhiteElo "2154"]
[BlackElo "2195"]
[PlyCount "81"]
[EventDate "2008.05.21"]
[EventType "swiss"]
[EventRounds "5"]
[EventCountry "CRO"]
[SourceTitle "CBM 124 Extra"]
[Source "ChessBase"]
[SourceDate "2008.07.03"]
[SourceVersion "1"]
[SourceVersionDate "2008.07.03"]
[SourceQuality "1"]

1. e4 c5 2. Nc3 Nc6 3. g3 g6 4. Bg2 Bg7 5. d3 d6 6. Be3 e6 7. Qd2 Qd7 8. Nge2 Nd4 9. 0-0 Ne7 10. Nf4 0-0 11. Nd1 e5 12. Nh3 Qxh3 13. Bxd4 Qd7 14. Be3 Qc7 15. Bh6 f5 16. Bxg7 Kxg7 17. f4 Nc6 18. Nc3 Be6 19. Nd5 Qd7 20. Rf2 exf4 21. Nxf4 fxe4 22. Bxe4 d5 23. Bg2 Nd4 24. Raf1 Kg8 25. Qe3 Bf7 26. Qe5 Rae8 27. Qg5 Ne6 28. Qxd5 Qxd5 29. Nxd5 Kg7 30. Nf6 Re7 31. Ne4 Rd8 32. Bh3 b6 33. Rxf7+ Rxf7 34. Bxe6 Re7 35. Bg4 c4 36. Be2 cxd3 37. Bxd3 Rd4 38. Re1 Kh6 39. Kf2 Re6 40. Ke3 Rd8 41. Rf1 1-0

[Event "Rijeka op"]
[Site "Rijeka"]
[Date "2007.11.28"]
[Round "5"]
[White "Kanceljak, Dalia"]
[Black "Sikanjic, Bojan"]
[Result "0-1"]
[WhiteElo "1953"]
[BlackElo "2205"]
[PlyCount "68"]
[EventDate "2007.11.25"]
[EventType "swiss"]
[EventRounds "9"]
[EventCountry "CRO"]
[SourceTitle "CBM 121 Extra"]
[Source "ChessBase"]
[SourceDate "2008.01.10"]
[SourceVersion "1"]
[SourceVersionDate "2008.01.10"]
[SourceQuality "1"]

1. d4 Nf6 2. c4 g6 3. Nc3 Bg7 4. e4 d6 5. Nf3 0-0 6. Be2 c5 7. 0-0 cxd4 8. Nxd4 Nc6 9. Be3 Bd7 10. f4 Nxd4 11. Bxd4 Bc6 12. Qc2 a5 13. Rad1 Nd7 14. Bxg7 Kxg7 15. f5 Qb6+ 16. Kh1 Qc5 17. Qd2 Qe5 18. Rf4 f6 19. Qe3 Qc5 20. Qg3 Ne5 21. b3 a4 22. Nd5 Bxd5 23. exd5 Qa3 24. fxg6 hxg6 25. Rd2 Rh8 26. Qf2 axb3 27. axb3 Qxb3 28. h3 Ra1+ 29. Kh2 Ra2 30. Bd1 Rxd2 31. Qxd2 Qa3 32. Kg1 Qg3 33. Kh1 Ra8 34. Qc1 Nd3 0-1

[Event "CRO-chT2 West"]
[Site "Rijeka"]
[Date "2005.04.09"]
[Round "4"]
[White "Ikica, Ante"]
[Black "Sikanjic, Bojan"]
[Result "1/2-1/2"]
[WhiteElo "2102"]
[BlackElo "2178"]
[PlyCount "39"]
[EventDate "2005.03.19"]
[EventType "team"]
[EventRounds "11"]
[EventCountry "CRO"]
[SourceTitle "EXT 2007"]
[Source "ChessBase"]
[SourceDate "2006.11.23"]
[SourceVersion "1"]
[SourceVersionDate "2006.11.23"]
[SourceQuality "1"]

1. e4 c5 2. Nf3 Nc6 3. c3 d5 4. exd5 Qxd5 5. d4 cxd4 6. cxd4 e5 7. Nc3 Bb4 8. Bd2 Bxc3 9. Bxc3 e4 10. Ne5 Nxe5 11. dxe5 Ne7 12. Be2 0-0 13. 0-0 Qe6 14. Qd4 Qg6 15. Rfe1 Bf5 16. Qd6 Qxd6 17. exd6 Nd5 18. Rad1 Nxc3 19. bxc3 Rac8 20. c4 1/2-1/2